000 00433nam a2200181Ia 4500
001 358
005 20260306140512.0
008 260306t2011||||xx |||||||||||||| ||spa||
041 _aESP
082 _a101
_bW57
100 _aWilliams, Bernard
_eAUT
245 0 _aLa filosofía como una disciplina humanística
260 _c2011
300 _a250 páginas :
_c23 cm.
650 _aGEN
654 _aCHU
942 _cLIB
_dJUS
_fJUS
_2ddc
_n
999 _c358
_d358